C for Engineers and Scientists : An Interpretive Approach

Na minha lista:
Detalhes bibliográficos
Autor principal: Cheng, Harry H. (Author)
Formato: Livro
Idioma:inglês
Publicado em: New York : Higher Education Press, 2010
Assuntos:
Tags: Adicionar Tag
Sem tags, seja o primeiro a adicionar uma tag!

MARC

LEADER 00000nam a22000003a 4500
001 stu242413
005 20150617225742.7
008 120126s2010----xxu-----------------eng-d
020 |a 978-007-107869-6 
040 |a STU  |b slo 
041 0 |a eng 
044 |a xxu 
080 |a 681.3 
100 1 |a Cheng, Harry H.  |4 aut 
245 1 |a C for Engineers and Scientists :  |b An Interpretive Approach 
260 |a New York :  |b Higher Education Press,  |c 2010 
300 |a 911 s 
650 7 |a C  |2 stusub 
650 7 |a projektovanie  |2 stusub 
996 |b 284EK88866  |c E*88866  |l EE30  |s P  |a 0  |w stu242413_0001